Analytical techniques in telecommunications (Record no. 9732)
[ view plain ]
| 000 -LEADER | |
|---|---|
| fixed length control field | 00578 a2200181 4500 |
| 020 ## - INTERNATIONAL STANDARD BOOK NUMBER | |
| International Standard Book Number | 0240514513 |
| 040 ## - CATALOGING SOURCE | |
| Original cataloging agency | DLC |
| 100 ## - MAIN ENTRY--PERSONAL NAME | |
| Personal name | Mazda, Fraidoon |
| 245 00 - TITLE STATEMENT | |
| Title | Analytical techniques in telecommunications |
| Statement of responsibility, etc. | edited by Fraidoon Mazda. |
| 260 ## - PUBLICATION, DISTRIBUTION, ETC. | |
| Place of publication, distribution, etc. | Oxford ; |
| -- | Boston : |
| Name of publisher, distributor, etc. | Focal Press, |
| Date of publication, distribution, etc. | 1996. |
| 300 ## - PHYSICAL DESCRIPTION | |
| Extent | 310 p. : |
| Other physical details | ill. ; |
| Dimensions | 19 cm. |
| 440 #4 - SERIES STATEMENT/ADDED ENTRY--TITLE | |
| Title | The Telecommunications pocket guide series. |
| 440 #4 - SERIES STATEMENT/ADDED ENTRY--TITLE | |
| Title | Focal pocket guides. |
| 650 #0 - SUBJECT ADDED ENTRY--TOPICAL TERM | |
| Topical term or geographic name entry element | Telecommunication |
| General subdivision | Mathematics. |
| 650 #0 - SUBJECT ADDED ENTRY--TOPICAL TERM | |
| Topical term or geographic name entry element | Signal theory (Telecommunication) |
| 700 1# - ADDED ENTRY--PERSONAL NAME | |
| Personal name | Mazda, F. F. |
| 942 ## - ADDED ENTRY ELEMENTS (KOHA) | |
| Koha item type | Book |
| Call number prefix | 621.382 MAZ |
| Source of classification or shelving scheme | |
| Withdrawn status | Lost status | Damaged status | Not for loan | Collection code | Permanent Location | Current Location | Shelving location | Date acquired | Source of acquisition | Cost, normal purchase price | Total Checkouts | Full call number | Barcode | Date last seen | Price effective from | Koha item type |
|---|---|---|---|---|---|---|---|---|---|---|---|---|---|---|---|---|
| Central Library (CL) | Central Library (CL) | General Stacks | 01/16/2002 | Academic Book Company | 1696.85 | 621.382 MAZ | SEECS001696 | 11/14/2012 | 01/05/2017 | Book |
